000 00753nam a2200229 i 4500
001 bg
100 1 _aCHEŁMECKI, Wiesław.
245 1 0 _aStacje kolejowe :
_bpodręcznik dla studentów wyższych szkół technicznych.
_nCz. 2 /
_cWiesław Chełmecki ; Politechnika Krakowska im. Tadeusza Kościuszki.
260 _aKraków :
_bPK,
_c2001.
300 _a178 s. :
_brys., wykr. ;
_c24 cm.
504 _aBibliogr. s. 121.
650 9 _aStacje kolejowe
655 _aPodręczniki akademickie
710 0 _aPolitechnika Krakowska im. Tadeusza Kościuszki
020 _a8372421862 (cz. 2)
040 _cBPK
041 0 _apl
080 _a656.2(075.8)
920 _a83-7242-186-2 (cz. 2)
942 _cKS
008 s pl f |000 0 pol
999 _c40600
_d40600
856 _uhttp://koha.tu.koszalin.pl/cgi-bin/koha/opac-detail.pl?biblionumber=40600
_yKatalog online BPK